| 000 | 00587nam a2200157 a 4500 | ||
|---|---|---|---|
| 008 | 120416s0000 ||||||||||||||||| || u | ||
| 020 | _a1856042049 | ||
| 050 | _aZ 674.4 Pro | ||
| 100 | _aPinder, Chris | ||
| 245 | 1 | 0 |
_aProviding customer-oriented services in academic libraries _cedited by Chris Pinder |
| 260 |
_aLondon _bLibrary Association _c1996 |
||
| 300 | _axviii, 187p. | ||
| 350 | _a0.00 | ||
| 700 | _aMelling, Maxine | ||
| 995 |
_D0.00 _FCBU-MAIN LIBRARY (Kitwe) _H1 _I390.00 _M1 _UAVAILABLE _ZAnnex Low-Usage Collection |
||
| 999 |
_c55203 _d55203 |
||